000 00994nam a22003257a 4500
003 CHAP
005 20220329132942.0
008 971013s1987 r 00010 d
010 _a611
011 _a1583
035 _a759
040 _cCHAP
082 _a972.081
_bK7
100 0 0 _aKrauze, Enrique.
_963884
245 _aGeneral misionero Lázaro Cárdenas
260 _aMéxico, D. F. :
_bFCE,
_c1987
300 _a222 p.
_b: ilus.
490 _aBiografía del poder
_v; 8
500 _a37-85
590 _aBATCH-UPD
_b10
_c20130110
_lUCH01
_h1925
590 _aBATCH-UPD
_b10
_c20130410
_lUCH01
_h1250
590 _aBATCH-UPD
_b10
_c20130914
_lUCH01
_h0647
590 _aCONVERSION
_b10
_c20130109
_lUCH01
_h1302
650 1 4 _aMéxico
_xHistoria
_xRevolución.
_976768
700 0 _aCárdenas del Río, Lázaro.
_924054
830 0 _aBiografía del poder
_v; 8
_912747
901 _aBK
942 _cLIBRO
949 _a972.081 K7
_bBC
_cLIBRO
_d33724000925533
_eLIBRO
_gI. c/e
_h77548
_i759
_si
_t20.00
999 _c611
_d611